[Event "?"]
[Site "?"]
[Date "2009.08.23"]
[Round "3.30"]
[White "Meul, Willi"]
[Black "Rieger, Angelique"]
[Result "1-0"]
[WhiteElo "1933"]
[BlackElo "1149"]
[PlyCount "101"]
[EventDate "2009.??.??"]
[WhiteTeam "Schachverein 1925 Hürth-Berrenra"]
[BlackTeam "Schachverein Fideler Bauer Lever"]

1. d4 Nf6 2. Nf3 d5 3. e3 c5 4. c3 Nc6 5. Bd3 c4 6. Bc2 b5 7. Nbd2 Bg4 8. h3
Bh5 9. e4 dxe4 10. Nxe4 Nxe4 11. Bxe4 Rc8 12. Bf4 e6 13. Qd2 b4 14. O-O Bxf3
15. Bxf3 e5 16. Bxc6+ Rxc6 17. Bxe5 a5 18. Rfe1 Re6 19. Re2 Be7 20. Bxg7 Rg8
21. Rxe6 fxe6 22. Qh6 Qd5 23. Re1 Kd7 24. Re5 Qc6 25. Qxh7 Re8 26. Bf6 bxc3 27.
bxc3 Qd6 28. Bxe7 Rxe7 29. Qe4 Qb6 30. d5 a4 31. Rxe6 Rxe6 32. Qxe6+ Qxe6 33.
dxe6+ Kxe6 34. Kf1 a3 35. Ke2 Ke5 36. Ke3 Kd5 37. Kf4 Ke6 38. h4 Kd5 39. h5 Ke6
40. g4 Kf6 41. g5+ Ke6 42. h6 Kf7 43. Kf5 Ke7 44. g6 Kd6 45. g7 Kd5 46. g8=Q+
Kc5 47. Ke5 Kb5 48. Kd5 Kb6 49. Qb8+ Ka6 50. Kc5 Ka5 51. Qb5# 1-0

[Event "?"]
[Site "?"]
[Date "2009.08.23"]
[Round "3.31"]
[White "Oerder, Timon"]
[Black "Gossmann, Jochen"]
[Result "0-1"]
[WhiteElo "967"]
[BlackElo "1781"]
[PlyCount "56"]
[EventDate "2009.??.??"]
[WhiteTeam "Schachverein Fideler Bauer Lever"]
[BlackTeam "Schachfreunde Köln-Mülheim e.V."]

1. d4 Nf6 2. c4 g6 3. Nc3 Bg7 4. e4 d6 5. Bg5 O-O 6. Nf3 Nc6 7. Be2 h6 8. Be3
Ng4 9. Qd2 Nxe3 10. Qxe3 Kh7 11. O-O-O e5 12. d5 Ne7 13. Kb1 f5 14. h3 fxe4 15.
Nxe4 Rf4 16. g3 Rxe4 17. Qxe4 Bf5 18. Bd3 Bxe4 19. Bxe4 Nf5 20. h4 Nd4 21. Nd2
Qf6 22. Rh2 h5 23. g4 Qf4 24. Rg2 hxg4 25. f3 Nxf3 26. Nxf3 Qxe4+ 27. Kc1 gxf3
28. Rh2 Bh6+ 0-1

[Event "?"]
[Site "?"]
[Date "2009.08.23"]
[Round "3.32"]
[White "Fieberg, Christoph"]
[Black "Ott, Lothar"]
[Result "1/2-1/2"]
[WhiteElo "1779"]
[BlackElo "1441"]
[PlyCount "54"]
[EventDate "2009.??.??"]
[WhiteTeam "Bergische Schachfreunde 1923 Ber"]
[BlackTeam "Schachfreunde Köln-Longerich 195"]

1. e4 g6 2. d4 Bg7 3. Nf3 d6 4. Be2 Nf6 5. Nc3 Bg4 6. O-O O-O 7. h3 Bc8 {
[%emt 0:00:00]} 8. Be3 c6 9. Qd2 Qa5 10. Bh6 e5 11. Bxg7 Kxg7 12. dxe5 dxe5 13.
Qd6 Nbd7 14. Nd2 Qc5 15. Nc4 Qxd6 16. Nxd6 Nc5 17. Nxc8 Raxc8 18. f3 Rcd8 19.
Rad1 Ne6 20. Rxd8 Rxd8 21. Rd1 Rd4 22. Nb1 Nf4 23. Kf2 c5 24. c3 Rxd1 25. Bxd1
Nd3+ 26. Ke3 Nxb2 27. Bb3 b5 1/2-1/2

[Event "?"]
[Site "?"]
[Date "2009.08.23"]
[Round "3.33"]
[White "Neumann, Thomas"]
[Black "Hingst, Dieter Max Otto"]
[Result "1-0"]
[WhiteElo "1682"]
[BlackElo "995"]
[PlyCount "57"]
[EventDate "2009.??.??"]
[WhiteTeam "SF Schlebusch"]
[BlackTeam "Brühler Schachklub 1920 e.V."]

1. e4 e5 2. Nf3 Nc6 3. d4 exd4 4. Nxd4 Bc5 5. Be3 Nxd4 6. Bxd4 Bxd4 7. Qxd4 f6
8. Bc4 c6 9. O-O b5 10. Bb3 a5 11. a4 b4 12. Re1 Qe7 13. Nd2 c5 14. Qd5 Ra6 15.
Nc4 Re6 16. Rad1 g6 17. Nd6+ Rxd6 18. Qxd6 Qxd6 19. Rxd6 h5 20. Rd5 h4 21. Rxc5
Kd8 22. e5 h3 23. e6 f5 24. Rxa5 f4 25. exd7 Bxd7 26. Ra8+ Kc7 27. Rxg8 Rxg8
28. Bxg8 Bc6 29. gxh3 1-0

[Event "?"]
[Site "?"]
[Date "2009.08.23"]
[Round "4.1"]
[White "Rotstein, Jefim"]
[Black "Kronseder, Michael"]
[Result "1-0"]
[WhiteElo "2370"]
[BlackElo "1489"]
[PlyCount "77"]
[EventDate "2009.??.??"]
[WhiteTeam "Schachfreunde Brück-Rath-Heumar"]
[BlackTeam "Schachverein 1925 Hürth-Berrenra"]

1. d4 Nf6 2. Nf3 c5 3. e3 b6 4. Bd3 d5 5. O-O g6 6. c4 cxd4 7. exd4 Bg7 8. Nc3
O-O 9. Bg5 Bb7 10. Re1 Nbd7 11. cxd5 Bxd5 12. Nxd5 Nxd5 13. Qb3 N7f6 14. Ba6
Qd6 15. Rac1 Rad8 16. Ne5 Qb4 17. Qc2 Qd6 18. a3 Ne8 19. Bh4 Nec7 20. Bc4 f6
21. Nf3 Kh8 22. Bg3 Qd7 23. h4 Bh6 24. Rcd1 Bf4 25. Qe4 Qd6 26. Bxf4 Qxf4 27.
Qxf4 Nxf4 28. Rxe7 Rc8 29. g3 b5 30. Bb3 Nfd5 31. Bxd5 Nxd5 32. Rxa7 Rc2 33.
Rd7 Nb6 34. Rb7 Nc4 35. Re1 Nd6 36. Rd7 Nf7 37. Ree7 Kg8 38. d5 Rxb2 39. Nd4
1-0

[Event "?"]
[Site "?"]
[Date "2009.08.23"]
[Round "4.2"]
[White "Hirth, Ulrich"]
[Black "Marcziter, Dmitrii"]
[Result "0-1"]
[WhiteElo "2119"]
[BlackElo "2238"]
[PlyCount "46"]
[EventDate "2009.??.??"]
[WhiteTeam "Schachklub Turm Euskirchen 65"]
[BlackTeam "Kölner Schachklub Dr. Lasker 186"]

1. e4 c5 2. Nf3 a6 3. b3 d6 4. d4 cxd4 5. Nxd4 Nf6 6. Nd2 Qa5 7. Qf3 g6 8. Bb2
Bh6 9. Bc3 Qc7 10. g3 Nbd7 11. Ne2 Ne5 12. Bxe5 dxe5 13. O-O-O Bg4 14. Qg2 Rc8
15. c4 Qa5 16. f3 Rd8 17. fxg4 Rxd2 18. Rxd2 Qxd2+ 19. Kb1 Nxg4 20. Qh3 f5 21.
exf5 Nf2 22. Qg2 Nd1 23. Nf4 Nc3+ 0-1

[Event "?"]
[Site "?"]
[Date "2009.08.23"]
[Round "4.3"]
[White "Begri, Robert"]
[Black "Lantsman, Boris"]
[Result "1-0"]
[WhiteElo "2064"]
[BlackElo "1890"]
[PlyCount "63"]
[EventDate "2009.??.??"]
[WhiteTeam "Tischtennisclub Grün-Weiß-Fritzd"]
[BlackTeam "Ford-Schachfreunde Köln e.V."]

1. e4 e5 2. Nf3 Nc6 3. Bc4 Be7 4. O-O Nf6 5. Re1 d6 6. c3 O-O 7. d3 a6 8. Nbd2
Na5 9. d4 exd4 10. Nxd4 Nxc4 11. Nxc4 Re8 12. Bg5 Nxe4 13. Bxe7 Rxe7 14. Qf3 d5
15. Ne3 c6 16. Rad1 Re8 17. c4 Be6 18. h3 Qa5 19. cxd5 cxd5 20. a3 Rad8 21.
Nef5 g6 22. Nxe6 fxe6 23. Nh6+ Kg7 24. Ng4 Rf8 25. Qe3 h5 26. Qh6+ Kf7 27. Qh7+
Ke8 28. Qxg6+ Kd7 29. Rxe4 hxg4 30. Qxe6+ Kc7 31. Qe5+ Kc8 32. Rc1+ 1-0

[Event "?"]
[Site "?"]
[Date "2009.08.23"]
[Round "4.4"]
[White "Eigemann, Julian"]
[Black "Scholl, Martin"]
[Result "0-1"]
[WhiteElo "1740"]
[BlackElo "2070"]
[PlyCount "167"]
[EventDate "2009.??.??"]
[WhiteTeam "Schachfreunde Köln-Mülheim e.V."]
[BlackTeam "SV Altbach e.V."]

1. e4 c6 2. d3 e5 3. Nf3 d6 4. Nbd2 f5 5. g3 Nf6 6. Bg2 Be7 7. exf5 Bxf5 8. Nh4
Bg4 9. Ndf3 O-O 10. h3 Bc8 11. Bg5 Nd5 12. Qd2 Be6 13. O-O Na6 14. Rfe1 Qd7 15.
Bxe7 Nxe7 16. d4 Bxh3 17. dxe5 d5 18. Ng5 Be6 19. Kh2 Nc7 20. Nxe6 Qxe6 21. Bh3
Qf7 22. f4 g5 23. Ng2 gxf4 24. gxf4 Ne6 25. Rf1 Nf5 26. Rg1 Kh8 27. Raf1 Qh5
28. Ne3 Nh4 29. Ng2 Rae8 30. Nxh4 Qxh4 31. f5 Nc5 32. e6 (32. f6 Ne4 33. Qb4 (
33. Qd4 c5 34. Qa4) 33... Rf7 34. Qd4) 32... Ne4 33. Qd4+ Qf6 34. Qxf6+ Rxf6
35. Rg2 Nd6 36. Rgf2 h6 37. b3 Ne4 38. Rg2 Ng5 39. Rgf2 Kg7 40. Bg4 Kf8 41. Bh5
Rd8 42. Re2 Ke7 43. Bg6 Rdf8 44. Rd1 Rd8 45. c4 d4 46. Rd3 a5 47. c5 Rd5 48.
Kg3 Nxe6 49. Bh7 Rfxf5 50. Bxf5 Rxf5 51. Rxd4 Rxc5 52. Rde4 Rg5+ 53. Kh4 Rg6
54. b4 axb4 55. Rxb4 Kd6 56. Rxb7 Nd4 57. Reb2 Kd5 58. a4 Nf5+ 59. Kh3 Rg3+ 60.
Kh2 Ra3 61. R7b4 Nd4 62. Rd2 c5 63. Rb8 Rxa4 64. Kg2 Ra7 65. Rh8 Rg7+ 66. Kf1
Rg6 67. Kf2 Kc4 68. Ke3 Re6+ 69. Kf4 Kc3 70. Ra2 c4 71. Rha8 Re7 72. R8a3+ Nb3
73. Kf5 h5 74. Kg5 Re5+ 75. Kf4 Rb5 76. Ke3 h4 77. Kf3 Rg5 78. Kf4 Rg8 79. Ra8
Rg1 80. Ke3 h3 81. R8a3 Kb4 82. Ra4+ Kb5 83. Rxc4 Kxc4 84. Rh2 {ZÜ} 0-1

[Event "?"]
[Site "?"]
[Date "2009.08.23"]
[Round "4.6"]
[White "Mladenov, Svetlin"]
[Black "Eigemann, Frederik"]
[Result "1-0"]
[WhiteElo "2439"]
[BlackElo "1767"]
[PlyCount "79"]
[EventDate "2009.??.??"]
[WhiteTeam "Schachverein Wattenscheid 1930"]
[BlackTeam "Schachfreunde Köln-Mülheim e.V."]

1. e4 e6 2. d4 d5 3. Nd2 a6 4. Ngf3 Nf6 5. Bd3 c5 6. e5 Nfd7 7. c3 Nc6 8. a3
Qb6 9. O-O cxd4 10. cxd4 Nxd4 11. Nxd4 Qxd4 12. Nf3 Qb6 13. Qa4 Qc6 14. Qf4 Nc5
15. Bc2 b5 16. Be3 Qd7 17. Rac1 Bb7 18. b4 Na4 19. Bxa4 bxa4 20. Bb6 Bc6 21.
Nd4 Rc8 22. Rc3 Be7 23. Rfc1 g5 24. Qf3 Bb7 25. Rc7 Bd8 26. Rxc8 Bxc8 27. Bxd8
Qxd8 28. Nc6 Qd7 29. Qf6 Rf8 30. Qxg5 Bb7 31. Nd4 Qd8 32. Qh5 Qb6 33. Rc5 a5
34. Qd1 axb4 35. Qxa4+ Ke7 36. Rb5 Rc8 37. Qxb4+ Ke8 38. h3 Qc7 39. Nxe6 Qe7
40. Ng7+ 1-0

[Event "?"]
[Site "?"]
[Date "2009.08.23"]
[Round "4.7"]
[White "Vasiljev, Jurij"]
[Black "Spisla, Dominik"]
[Result "1-0"]
[WhiteElo "2135"]
[BlackElo "1807"]
[PlyCount "85"]
[EventDate "2009.??.??"]
[WhiteTeam "Schachfreunde Moers e.V."]
[BlackTeam "Brackweder Schachklub von 1924"]

1. d4 d5 2. c4 c6 3. Nf3 Nf6 4. Nc3 g6 5. h3 Bg7 6. Bf4 O-O 7. e3 Nbd7 8. cxd5
Nxd5 9. Nxd5 cxd5 10. Bd3 Qa5+ 11. Qd2 Qxd2+ 12. Kxd2 Re8 13. Rac1 e5 14. dxe5
Nxe5 15. Nxe5 Bxe5 16. Bxe5 Rxe5 17. Rc7 Rb8 18. Rhc1 Re8 19. Bb5 Rd8 20. Ba4
Be6 21. Bb3 Bd7 22. R7c5 Kg7 23. Kd3 Kf6 24. Kd4 Be6 25. R1c2 Rd6 26. Rc7 a6
27. f4 h5 28. g4 hxg4 29. hxg4 Bxg4 30. Bxd5 Rd7 31. Rxd7 Bxd7 32. Rc7 Be6 33.
Rxb7 Rxb7 34. Bxb7 Bxa2 35. Bxa6 Ke7 36. b4 f6 37. Bc4 Bb1 38. Bd3 Bxd3 39.
Kxd3 Kd6 40. e4 Kc6 41. Kd4 Kb5 42. e5 fxe5+ 43. Kxe5 1-0

[Event "?"]
[Site "?"]
[Date "2009.08.23"]
[Round "4.8"]
[White "Höck, Sebastian"]
[Black "Vandenbergen, Nicolas"]
[Result "1/2-1/2"]
[WhiteElo "1850"]
[BlackElo "2098"]
[PlyCount "89"]
[EventDate "2009.??.??"]
[WhiteTeam "Brühler Schachklub 1920 e.V."]
[BlackTeam "Schachklub Turm Euskirchen 65"]

1. c4 e5 2. Nc3 d6 3. Nf3 g6 4. g3 Bg7 5. Bg2 f5 6. d3 Nf6 7. Qc2 a5 8. Rb1 O-O
9. O-O Nh5 10. h3 f4 11. g4 Nf6 12. e3 g5 13. d4 Nc6 14. dxe5 Nxe5 15. Nxe5
dxe5 16. exf4 exf4 17. Rd1 Qe7 18. Nd5 Nxd5 19. Bxd5+ Kh8 20. b3 Re8 21. Bb2 c6
22. Bxg7+ Kxg7 23. Re1 Qxe1+ 24. Rxe1 Rxe1+ 25. Kg2 Re5 26. Be4 Be6 27. Bxh7
Bf7 28. Be4 Rae8 29. Qc3 Kg8 30. f3 Kg7 31. Kf2 Bg6 32. Qd4 Bxe4 33. fxe4 Kg6
34. Kf3 Rxe4 35. Qxe4+ Rxe4 36. Kxe4 Kf6 37. c5 Ke6 38. h4 gxh4 39. Kxf4 Kf6
40. a3 Kg6 41. b4 a4 42. Ke4 Kg5 43. Kf3 h3 44. Kg3 h2 45. Kxh2 1/2-1/2

[Event "?"]
[Site "?"]
[Date "2009.08.23"]
[Round "4.10"]
[White "Proba, Stefan"]
[Black "Schlegel, Andreas"]
[Result "1/2-1/2"]
[WhiteElo "2012"]
[BlackElo "1684"]
[PlyCount "45"]
[EventDate "2009.??.??"]
[WhiteTeam "Ford-Schachfreunde Köln e.V."]
[BlackTeam "Schachklub Kerpen 64 e.V."]

1. d4 d5 2. Nf3 Nf6 3. c4 c6 4. Nc3 e6 5. Bg5 dxc4 6. e4 b5 7. e5 h6 8. Bh4 g5
9. Nxg5 hxg5 10. Bxg5 Nbd7 11. g3 Rg8 12. Bxf6 Nxf6 13. exf6 Qxf6 14. Bg2 Bb7
15. Nxb5 O-O-O 16. Nxa7+ Kb8 17. Nxc6+ Bxc6 18. Bxc6 Rxd4 19. Qa4 Qe5+ 20. Kf1
Rd2 21. Qa8+ {REMIS} Kc7 22. Qb7+ Kd8 23. Re1 $18 1/2-1/2

[Event "?"]
[Site "?"]
[Date "2009.08.23"]
[Round "4.11"]
[White "Wolff, Michael"]
[Black "Sewald, Jörg"]
[Result "1-0"]
[WhiteElo "1944"]
[BlackElo "1484"]
[PlyCount "79"]
[EventDate "2009.??.??"]
[WhiteTeam "SC Matt im Park Ffm"]
[BlackTeam "Schachklub Köln-Worringen 1972"]

1. e4 e5 2. f4 exf4 3. Nf3 Bc5 4. d4 Bb6 5. Bxf4 d5 6. exd5 Qxd5 7. Nc3 Qa5 8.
Qe2+ Ne7 9. O-O-O c6 10. Bd6 Bd8 11. d5 cxd5 12. Bxe7 Bxe7 13. Nxd5 Nc6 14.
Nxe7 Nxe7 15. Qb5+ Qxb5 16. Bxb5+ Nc6 17. Ne5 O-O 18. Nxc6 bxc6 19. Bxc6 Rb8
20. Rhe1 Bf5 21. Bd7 Bg6 22. g4 f5 23. Be6+ Bf7 24. gxf5 g6 25. fxg6 hxg6 26.
Rd6 Rb7 27. Bxf7+ Kxf7 28. Rf1+ Kg7 29. Rxf8 Kxf8 30. Rxg6 Rh7 31. Ra6 Rxh2 32.
Rxa7 Ke8 33. b4 Kd8 34. Kb2 Kc8 35. a4 Kb8 36. Rg7 Rh4 37. Kb3 Rh1 38. c3 Rb1+
39. Kc4 Rf1 40. a5 1-0

[Event "?"]
[Site "?"]
[Date "2009.08.23"]
[Round "4.13"]
[White "Fabregas, Oliver"]
[Black "Fieberg, Samuel"]
[Result "1-0"]
[WhiteElo "1857"]
[BlackElo "1169"]
[PlyCount "51"]
[EventDate "2009.??.??"]
[WhiteTeam "SV Laatzen"]
[BlackTeam "Schachfreunde Köln-Mülheim e.V."]

1. e4 e5 2. Bc4 Nf6 3. d3 Be7 4. Nf3 d6 5. h3 O-O 6. O-O Nc6 7. a4 a6 8. c3 b6
9. Qe2 Bb7 10. Rd1 Na7 11. Nbd2 b5 12. Bb3 Qd7 13. d4 exd4 14. cxd4 Rfe8 15. e5
dxe5 16. Bxf7+ Kf8 17. Bxe8 Rxe8 18. dxe5 Bd6 19. Nb3 Bxf3 20. Qxf3 Rxe5 21.
Bf4 Rf5 22. Bxd6+ cxd6 23. Qd3 Rd5 24. Qc2 bxa4 25. Nc1 Rxd1+ 26. Qxd1 1-0

[Event "?"]
[Site "?"]
[Date "2009.08.23"]
[Round "4.14"]
[White "Karwatzki, Hans-Jürgen"]
[Black "Grothues-Lay, Kay"]
[Result "1/2-1/2"]
[WhiteElo "1774"]
[BlackElo "1852"]
[PlyCount "87"]
[EventDate "2009.??.??"]
[WhiteTeam "Vereinigung der SF Stadtverw. Bo"]
[BlackTeam "Schachverein Erftstadt e.V."]

1. e4 c6 2. d4 d5 3. e5 Bf5 4. g4 Bd7 5. c3 e6 6. Bd3 c5 7. Be3 cxd4 8. cxd4
Nc6 9. Na3 Bxa3 10. bxa3 Qa5+ 11. Qd2 Qxa3 12. Ne2 Qb4 13. Rb1 Qxd2+ 14. Kxd2
Rb8 15. Rhe1 Nge7 16. Nc3 O-O 17. Nb5 a6 18. Nd6 b5 19. a4 bxa4 20. Bxa6 Rxb1
21. Rxb1 Rb8 22. Ra1 Nb4 23. Be2 Nc8 24. Nxc8 Rxc8 25. Bd1 Ra8 26. Kc3 Nc6 27.
Rxa4 Rxa4 28. Bxa4 Nxe5 29. dxe5 Bxa4 30. g5 Kf8 31. f4 Ke7 32. Bc5+ Kd7 33. h4
Kc6 34. Kb4 Bc2 35. Ba7 d4 36. Bxd4 Kd5 37. Be3 Ke4 38. Bd2 Bd1 39. Kc5 Bh5 40.
Kd6 h6 41. Ke7 Kf5 42. Kf8 Kg6 43. Ke7 Bg4 44. Be3 1/2-1/2

[Event "?"]
[Site "?"]
[Date "2009.08.23"]
[Round "4.15"]
[White "Röhlich, Dirk"]
[Black "Reichelt, Frank"]
[Result "1/2-1/2"]
[WhiteElo "1519"]
[BlackElo "1917"]
[PlyCount "31"]
[EventDate "2009.??.??"]
[WhiteTeam "SG Trier"]
[BlackTeam "Ford-Schachfreunde Köln e.V."]

1. e4 c5 2. b3 d6 3. Bb2 Nf6 4. Nc3 Nc6 5. Bb5 Bd7 6. Nge2 a6 7. Bxc6 Bxc6 8.
d3 g6 9. Nd5 Bxd5 10. exd5 Bg7 11. c4 O-O 12. O-O e6 13. dxe6 fxe6 14. d4 Ng4
15. h3 Nh6 16. Qd2 1/2-1/2

[Event "?"]
[Site "?"]
[Date "2009.08.23"]
[Round "4.16"]
[White "Margenberg, Volker"]
[Black "Evers, Leo"]
[Result "0-1"]
[WhiteElo "1523"]
[BlackElo "2097"]
[PlyCount "72"]
[EventDate "2009.??.??"]
[WhiteTeam "Schachverein Wiehl 1923 e.V."]
[BlackTeam "Schachfreunde Köln-Mülheim e.V."]

1. d4 Nf6 2. c4 c5 3. d5 b5 4. cxb5 a6 5. bxa6 g6 6. Nc3 Bxa6 7. Nf3 d6 8. g3
Bg7 9. Bg2 O-O 10. O-O Nbd7 11. Re1 Qc7 12. e4 Ng4 13. h3 Nge5 14. Nxe5 Nxe5
15. Bf1 Bxf1 16. Rxf1 c4 17. Be3 Nd3 18. Qd2 Rfb8 19. Rfb1 Qa5 20. a4 Rxb2 21.
Rxb2 Bxc3 22. Bb6 Bxd2 23. Bxa5 Bxa5 24. Rb7 Kf8 25. Kf1 Nc5 26. Rb5 Nxe4 27.
Rc1 f5 28. Rb2 c3 29. Rbc2 Kf7 30. Ke2 Rb8 31. Ra1 Rb2 32. Ra2 Rb1 33. Kd3 Kf6
34. Re2 Nc5+ 35. Kc2 Rb4 36. f3 Rd4 0-1

[Event "?"]
[Site "?"]
[Date "2009.08.23"]
[Round "4.17"]
[White "Zotkin, Alexander"]
[Black "Röhlich, Philipp"]
[Result "1-0"]
[WhiteElo "2024"]
[BlackElo "1404"]
[PlyCount "37"]
[EventDate "2009.??.??"]
[WhiteTeam "Schachfreunde Köln-Longerich 195"]
[BlackTeam "SG Trier"]

1. e4 c5 2. Nc3 e6 3. g3 g6 4. Bg2 Bg7 5. Nge2 Nc6 6. O-O Nge7 7. f4 O-O 8. d3
d6 9. Be3 a6 10. a4 Bd7 11. g4 f5 12. gxf5 exf5 13. e5 Be6 14. Qd2 b6 15. d4
cxd4 16. Nxd4 Qd7 17. Nxe6 Qxe6 18. Qxd6 Qc4 19. Nd5 1-0

[Event "?"]
[Site "?"]
[Date "2009.08.23"]
[Round "4.18"]
[White "Viganske, Christian"]
[Black "Westphal, Gerhard"]
[Result "1-0"]
[WhiteElo "1866"]
[BlackElo "1400"]
[PlyCount "133"]
[EventDate "2009.??.??"]
[WhiteTeam "Schachklub Turm Euskirchen 65"]

1. e4 e5 2. Nf3 Nf6 3. Nxe5 d6 4. Nf3 Nxe4 5. d4 d5 6. Be2 c5 7. O-O Nc6 8. Be3
Be7 9. c4 Be6 10. cxd5 Bxd5 11. Nc3 Nxc3 12. bxc3 cxd4 13. cxd4 O-O 14. Ne5
Nxe5 15. dxe5 Be6 16. Qa4 Qd5 17. Bf4 Bd7 18. Qd1 Qxd1 19. Rfxd1 Bc6 20. Bc4
Rad8 21. Be3 b6 22. Rdc1 Bd5 23. Ba6 Rd7 24. Bb5 Rdd8 25. Rc7 Bc5 26. Bxc5 bxc5
27. Rxc5 Be6 28. a4 Rd5 29. Rxd5 Bxd5 30. Rd1 Be6 31. f4 g6 32. Rd6 Rc8 33. Kf2
Rc2+ 34. Kg3 Rc3+ 35. Kh4 Rc2 36. Bc6 Kg7 37. Kg3 Rc3+ 38. Kf2 Ra3 39. Rd4 Ra2+
40. Ke3 Ra1 41. Kd2 Rf1 42. Kc2 h5 43. Kb2 Rh1 44. h3 Rg1 45. Kc3 Rh1 46. Kb4
Rb1+ 47. Kc5 Rc1+ 48. Kd6 Rb1 49. Be4 Rb2 50. Kc5 Rf2 51. Bc6 Rb2 52. Rb4 Rc2+
53. Kd6 Rc3 54. a5 Rc2 55. Rb7 Rd2+ 56. Kc7 Rc2 57. Rxa7 Bd5 58. Ra6 Bxg2 59.
h4 Rc4 60. Rb6 Bxc6 61. Rxc6 Rxf4 62. a6 Rxh4 63. a7 Ra4 64. Kb7 h4 65. Ra6
Rb4+ 66. Kc6 Rc4+ 67. Kd7 1-0

[Event "?"]
[Site "?"]
[Date "2009.08.23"]
[Round "4.19"]
[White "Röhlich, Anna"]
[Black "Stelzer, Wolfgang"]
[Result "1/2-1/2"]
[WhiteElo "1229"]
[BlackElo "1782"]
[PlyCount "78"]
[EventDate "2009.??.??"]
[WhiteTeam "SG Trier"]
[BlackTeam "SC Wittlich 1947"]

1. e4 c5 2. Nc3 Nc6 3. Nge2 d6 4. g3 e6 5. Bg2 Be7 6. f4 Nf6 7. d3 O-O 8. O-O
a6 9. h3 Qb6 10. Kh1 Rb8 11. Rb1 Qc7 12. Be3 b5 13. Qd2 Bb7 14. g4 g6 15. f5 b4
16. Nd1 exf5 17. exf5 Ne5 18. Ng3 Bxg2+ 19. Qxg2 Qb7 20. Qxb7 Rxb7 21. Bh6 Rd8
22. Ne3 d5 23. Rf4 d4 24. Ng2 Nd5 25. Re4 f6 26. Rbe1 Bd6 27. Nf4 Nxf4 28. Bxf4
Re7 29. Kg2 Kf7 30. g5 Rde8 31. fxg6+ hxg6 32. gxf6 Kxf6 33. h4 Nf7 34. Rxe7
Bxe7 35. Kf3 g5 36. hxg5+ Nxg5+ 37. Bxg5+ Kxg5 38. Ne4+ Kg6 39. Nd6 Rf8+
1/2-1/2

[Event "?"]
[Site "?"]
[Date "2009.08.23"]
[Round "4.21"]
[White "Knütter, Helmut"]
[Black "Fimmers, Heinrich"]
[Result "1-0"]
[WhiteElo "1626"]
[BlackElo "1438"]
[PlyCount "87"]
[EventDate "2009.??.??"]
[WhiteTeam "Schachklub Sülz-Klettenberg"]
[BlackTeam "Schachgemeinschaft Kalker/Deutze"]

1. e4 c6 2. d4 d5 3. exd5 cxd5 4. Bd3 Nf6 5. Bf4 e6 6. c3 Be7 7. Be5 Nc6 8. Bf4
Bd6 9. Bxd6 Qxd6 10. Nf3 h6 11. O-O Bd7 12. Re1 O-O-O 13. Ne5 Qe7 14. b4 Nxe5
15. Rxe5 Ne8 16. a4 f6 17. Re2 Nd6 18. Nd2 Kb8 19. Nb3 Rc8 20. Qe1 b6 21. a5
Nc4 22. axb6 Nxb6 23. Nc5 Rc7 24. Na6+ Kb7 25. Nxc7 Kxc7 26. Rxa7+ Kb8 27. Raa2
Qd8 28. Ra1 Qc7 29. Rea2 Rc8 30. Ba6 Re8 31. g3 e5 32. Qd2 Qd6 33. Bd3 f5 34.
Bf1 g5 35. b5 f4 36. dxe5 Rxe5 37. Re1 Rf5 38. Bh3 Nc4 39. Qc2 Rf7 40. Bxd7
Qxd7 41. Qa4 Kc7 42. Qa7+ Kd8 43. Qb8+ Qc8 44. Re8+ 1-0

[Event "?"]
[Site "?"]
[Date "2009.08.23"]
[Round "4.22"]
[White "Metul, Anton"]
[Black "Reinhard, Klaus"]
[Result "0-1"]
[WhiteElo "1402"]
[BlackElo "1868"]
[PlyCount "104"]
[EventDate "2009.??.??"]
[WhiteTeam "Schachverein 1925 Hürth-Berrenra"]
[BlackTeam "vereinslos"]

1. e4 g6 2. Nc3 Bg7 3. d4 d6 4. Nf3 Nd7 5. Bc4 e6 6. O-O Nb6 7. Bb3 Ne7 8. Bg5
h6 9. Be3 c6 10. Na4 Nxa4 11. Bxa4 b5 12. Bb3 O-O 13. c3 Bb7 14. Qc1 Kh7 15.
Bc2 f5 16. exf5 exf5 17. Re1 Qc7 18. Qd2 Nd5 19. Bf4 Nxf4 20. Qxf4 Rae8 21. Nh4
g5 22. Bxf5+ (22. Qxf5+ Rxf5 23. Rxe8 Bf8 24. Bxf5+ Kg7 25. Ng6 $18) 22... Kg8
23. Be6+ Rxe6 24. Qg3 gxh4 25. Qxh4 Rfe8 26. f4 Qe7 27. Qxe7 R6xe7 28. Rxe7
Rxe7 29. Kf2 Re4 30. g3 Bc8 31. a4 a6 32. axb5 cxb5 33. Re1 Rxe1 34. Kxe1 Kf7
35. Ke2 Ke6 36. g4 Kd5 37. h3 a5 38. Kd3 h5 39. f5 a4 40. Ke3 hxg4 41. hxg4
Bh6+ 42. Kd3 Bg5 43. Kc2 Kc4 44. Kb1 b4 45. cxb4 Kxd4 46. Ka2 Kc4 47. b5 Kxb5
48. b3 axb3+ 49. Kxb3 Bb7 50. Kc3 Bf3 51. Kd4 Kc6 52. Kd3 Kd5 0-1

[Event "?"]
[Site "?"]
[Date "2009.08.23"]
[Round "4.23"]
[White "Gossmann, Jochen"]
[Black "Klein, Markus"]
[Result "1-0"]
[WhiteElo "1781"]
[BlackElo "1302"]
[PlyCount "45"]
[EventDate "2009.??.??"]
[WhiteTeam "Schachfreunde Köln-Mülheim e.V."]
[BlackTeam "Schachklub Sülz-Klettenberg"]

1. e4 e5 2. Nc3 d6 3. Bc4 Nf6 4. f4 exf4 5. Nf3 h6 6. d4 Bg4 7. e5 dxe5 8.
Bxf7+ Kxf7 9. Nxe5+ Kg8 10. Nxg4 Qe7+ 11. Ne5 Nc6 12. Bxf4 Rd8 13. Ne2 Nxe5 14.
Bxe5 Ng4 15. Bf4 Qe4 16. O-O Bd6 17. Ng3 Qg6 18. Bxd6 Rxd6 19. Nf5 Rd7 20. Qf3
c6 21. Rae1 Kh7 22. Ne7 Qg5 23. Qe4+ 1-0

[Event "?"]
[Site "?"]
[Date "2009.08.23"]
[Round "4.24"]
[White "Azimi, Reza"]
[Black "Neumann, Thomas"]
[Result "0-1"]
[WhiteElo "1390"]
[BlackElo "1682"]
[PlyCount "110"]
[EventDate "2009.??.??"]
[WhiteTeam "SC Schachuzipus Köln-Mülheim"]
[BlackTeam "SF Schlebusch"]

1. e4 c5 2. Nf3 Nc6 3. c3 g6 4. d4 cxd4 5. cxd4 Bg7 6. Be3 d6 7. Nc3 Nf6 8. h3
O-O 9. Bd3 e6 10. O-O a6 11. Qd2 Nb4 12. Bb1 Re8 13. Ne2 Nc6 14. Ng3 b6 15. Bh6
Bb7 16. Bxg7 Kxg7 17. Nh2 Rc8 18. f4 e5 19. f5 Nxd4 20. fxg6 fxg6 21. Qg5 Ne6
22. Qe3 Nf4 23. Bd3 d5 24. Rad1 d4 25. Qf2 Rf8 26. Nf3 Nxd3 27. Rxd3 Nxe4 28.
Nxe4 Bxe4 29. Rd2 Bxf3 30. gxf3 Qg5+ 31. Kh1 Qf5 32. Qg3 Qf4 33. Qg2 Rc4 34.
Rc2 Rfc8 35. Rxc4 Rxc4 36. Qe2 b5 37. Re1 Qf5 38. Qxe5+ Qxe5 39. Rxe5 d3 40.
Rd5 Rc1+ 41. Kg2 Rc2+ 42. Kg3 d2 43. h4 Rxb2 44. a3 Ra2 45. Rd3 Rxa3 46. Rxd2
a5 47. Kg4 Kh6 48. f4 Ra1 49. Rd5 b4 50. Rd6 b3 51. f5 b2 52. Rb6 b1=Q 53. Rxb1
Rxb1 54. f6 Rb4+ 55. Kh3 Rf4 0-1

[Event "?"]
[Site "?"]
[Date "2009.08.23"]
[Round "4.25"]
[White "Rieger, Isabelle"]
[Black "Schwab, Wolfgang"]
[Result "0-1"]
[WhiteElo "1321"]
[BlackElo "1556"]
[PlyCount "133"]
[EventDate "2009.??.??"]
[WhiteTeam "Schachverein Fideler Bauer Lever"]
[BlackTeam "Schachverein Turm Sankt Augustin"]

1. d4 Nf6 2. c4 c5 3. dxc5 Qa5+ 4. Nc3 Qxc5 5. e4 e6 6. Bd3 a6 7. Nf3 d6 8. O-O
Nbd7 9. Nd2 b6 10. Nb3 Qc7 11. Be3 Bb7 12. f4 Be7 13. Bd4 Rd8 14. g4 Nc5 15.
Nxc5 bxc5 16. Be3 h6 17. a3 d5 18. cxd5 exd5 19. exd5 Nxd5 20. Nxd5 Rxd5 21.
Qa4+ Qd7 22. Qxd7+ Rxd7 23. Rad1 Rc7 24. Bc4 O-O 25. Rd2 Re8 26. Bf2 Bf6 27.
Bg3 Re4 28. b3 Bd4+ 29. Bf2 Rxf4 30. Bxd4 Rxg4+ 31. Kf2 Rxd4 32. Re2 Rf4+ 33.
Ke1 Rxf1+ 34. Kxf1 Kf8 35. Kf2 g5 36. Re5 Kg7 37. Bd3 f6 38. Re6 Bd5 39. Rxa6
Bxb3 40. Rb6 c4 41. Be4 Bd1 42. Rb1 Bh5 43. Rc1 c3 44. Ke3 Bg6 45. Bxg6 Kxg6
46. Kd3 c2 47. Rxc2 Rxc2 48. Kxc2 Kf7 49. a4 Ke7 50. a5 Kd7 51. a6 Kc7 52. a7
Kb7 53. a8=Q+ Kxa8 54. Kd3 f5 55. Kd4 Kb7 56. Ke5 f4 57. Ke4 Kc6 58. Kf3 Kd5
59. h4 Ke5 60. hxg5 hxg5 61. Ke2 g4 62. Kf2 Ke4 63. Ke2 g3 64. Kf1 Ke3 65. Kg1
f3 66. Kf1 g2+ 67. Kg1 0-1